Giving up home ownership (Record no. 110943)

MARC details
000 -LEADER
fixed length control field 01744cad a22002775a 4500
001 - CONTROL NUMBER
control field L150675
008 - FIXED-LENGTH DATA ELEMENTS--GENERAL INFORMATION
fixed length control field 100816s2010 xxk f 000 0 eng d
020 ## - INTERNATIONAL STANDARD BOOK NUMBER
International Standard Book Number 9781409825166
035 ## - SYSTEM CONTROL NUMBER
System control number (Sirsi) u150675
041 0# - LANGUAGE CODE
Language code of text/sound track or separate title eng
050 04 - LIBRARY OF CONGRESS CALL NUMBER
Classification number 306.1 $2 18
100 1# - MAIN ENTRY--PERSONAL NAME
Personal name Ford, Janet
245 00 - TITLE STATEMENT
Title Giving up home ownership
Remainder of title a qualitative study of voluntary possession and selling because of financial difficulties[electronic resource]
260 ## - PUBLICATION, DISTRIBUTION, ETC.
Place of publication, distribution, etc. London
Name of publisher, distributor, etc. DCLG
Date of publication, distribution, etc. 2010
505 2# - FORMATTED CONTENTS NOTE
Formatted contents note Executive summary -- Chapter 1 introduction -- Chapter 2 Voluntary possession and voluntary sale existing knowledge and new research -- Chapter 3 Characteristics of households leaving homeownership by voluntary rotues and key drivers of their arrears -- Chapter 4 extend of and reasons for mortgage arrears amongst those giving voluntary possession or selling -- Chapter 5 Route to voluntary possession or a sale in response to payment difficulties -- Chapter 6 Outcomes of voluntary possession and sales to address financial problems -- Chapter 7 Key conclusions and policy implications
520 ## - SUMMARY, ETC.
Summary, etc. Qualitative analysis of the reasons that home owners give up ownership of property on grounds of voluntary repossession. Characteristics of household leaving home ownership by voluntary routes and the reasons for mortgage arrears and financial problems.
590 ## - LOCAL NOTE (RLIN)
Local note KA
600 14 - SUBJECT ADDED ENTRY--PERSONAL NAME
Personal name Bretherton, Joanne
600 14 - SUBJECT ADDED ENTRY--PERSONAL NAME
Personal name Jones, Anwen
600 14 - SUBJECT ADDED ENTRY--PERSONAL NAME
Personal name Rhodes, David
651 #4 - SUBJECT ADDED ENTRY--GEOGRAPHIC NAME
Geographic name ENGLAND AND WALES
690 ## - LOCAL SUBJECT ADDED ENTRY--TOPICAL TERM (OCLC, RLIN)
Topical term or geographic name as entry element PROPERTY-RESIDENTIAL PROPERTY
710 1# - ADDED ENTRY--CORPORATE NAME
Corporate name or jurisdiction name as entry element University of York
Subordinate unit Centre for Housing Policy
856 48 - ELECTRONIC LOCATION AND ACCESS
Uniform Resource Identifier <a href="https://www.communities.gov.uk/documents/housing/pdf/1684824.pdf">https://www.communities.gov.uk/documents/housing/pdf/1684824.pdf</a>
Public note View this item free of charge at www.communities.gov.uk
942 ## - ADDED ENTRY ELEMENTS (KOHA)
Suppress in OPAC 0
Holdings
Withdrawn status Lost status Source of classification or shelving scheme Damaged status Not for loan Home library Current library Shelving location Date acquired Total Checkouts Full call number Barcode Date last seen Copy number Price effective from Koha item type
    Dewey Decimal Classification     Virtual Virtual Online 16/08/2010   ONLINE PUBLICATION 150675-2001 06/08/2019 1 06/08/2019 Book